000 00655ngm a2200241 a 4500
003 OSt
005 20251020182657.0
008 240217s9999 xx 000 0 und d
040 _aPE SENCICO BE
040 _cPE SENCICO BE
041 _aspa
082 _aF030
245 0 _aCapacitarse es crecer /
245 0 _cFundación de Educación y Capacitación para los trabajadores de la construcción
260 _bFundación de Educación y Capacitación para los trabajadores de la construcción
260 _cs.f
300 _a1 VIDEO
300 _bson., Col.
300 _c16'
650 _aEXCELENCIA
910 _ahchs
942 _cVID
_2ddc
999 _c4717
_d4717